header

Forensic biomechanics (Record no. 96706)

MARC details
000 -LEADER
fixed length control field 01264nam a2200337Ia 4500
082 04 - DEWEY DECIMAL CLASSIFICATION NUMBER
Classification number 617.1
100 1# - MAIN ENTRY--AUTHOR NAME
Personal name Kieser, Jules.
245 10 - TITLE STATEMENT
Title Forensic biomechanics
260 ## - PUBLICATION, DISTRIBUTION, ETC. (IMPRINT)
Place of publication Chichester, West Sussex, UK :
Name of publisher Wiley-Blackwell,
Year of publication 2012.
300 ## - PHYSICAL DESCRIPTION
Number of Pages viii, 164 p. :
Other physical details ill.
650 #0 - SUBJECT ADDED ENTRY--TOPICAL TERM
Topical Term Human mechanics.
Topical Term Biomechanics.
700 1# - ADDED ENTRY--PERSONAL NAME
Personal name Taylor, Michael,
Personal name Carr, Debra D.
856 40 - ELECTRONIC LOCATION AND ACCESS
Uniform Resource Identifier http://site.ebrary.com/lib/rucke/Doc?id=10606032

No items available.

© 2026 Rongo University
Contact us: librarian | system librarian | Rongo university